000 00609nam a2200217 a 4500
999 _c9110
_d9110
001 9110
003 BD-JhCC
005 20180524104135.0
008 171024s1958 uk a|||| ||a| 001 0 eng d
035 _a(BD-JhCC)9110
040 _aBD-JhCC
_dBD-JhCC
041 _aeng
082 _a621.38411
_bHAR 1958
100 _aHarrison, J.A.
245 _aThe story of the ionosphere :
_bor Exploring with wireless waves /
_c J.A. Harrison
260 _aGreat Britain :
_bHulton Educational publications,
_c1958.
300 _a103 p. :
_c21 cm.
_bill. ;
650 _aRadio waves
942 _2ddc
_cBK